MARC

LEADER 00000nam0a2200000 4500
001 187988
005 20231031174554.0
010 |a 5289008071 
020 |a RU  |b 91-56886 
035 |a (RuTPU)RU\TPU\book\204043 
090 |a 187988 
100 |a 20101129d1991 km y0rusy5003 ca 
101 0 |a rus 
102 |a RU 
105 |a y z 001zy 
200 1 |a О русских именах  |f А. В. Суслова, А. В. Суперанская 
205 |a 3-е изд., испр. и доп. 
210 |a Ленинград  |c Лениздат  |d 1991 
215 |a 220 с.  |c ил. 
320 |a Библиогр.: с. 219. 
610 1 |a русские имена собственные 
610 1 |a русский язык 
610 1 |a лексика 
610 1 |a редкие имена 
610 1 |a отчества 
686 |a Ш141.2-3  |2 rubbk 
700 1 |a Суслова  |b А. В.  |g Анна Владимировна  |4 070 
701 1 |a Суперанская  |b А. В.  |g Александра Васильевна  |4 070 
801 0 |a RU  |b RuMRKP  |c 19950417  |g psbo 
801 1 |a RU  |b 63413507  |c 20101129 
801 2 |a RU  |b 63413507  |c 20130523  |g RCR 
942 |c BK